000 00641nam a22002535a 4500
001 15096647
003 LC
005 20160223101542.0
008 071128s2007 wyu 000 0 eng
010 _a 2007942265
020 _a978553211375
040 _aDLC
_cDLC
050 _aPR 4034
_b.Au933 1818
082 _aFIC
_bAu7p 2008
100 1 _aAusten, Jane.
_93072
245 1 0 _aPersuasion
_cJane Austen
260 _aNew York :
_bBantam books,
_cc1818.
263 _a0711
300 _a275 p. :
_c17 cm.
906 _a0
_bibc
_corignew
_d2
_eepcn
_f20
_gy-gencatlg
942 _2lcc
_cBK
999 _c11077
_d11077